<?xml version="1.0" encoding="UTF-8"?>
<record
    xmlns:xsi="http://www.w3.org/2001/XMLSchema-instance"
    xsi:schemaLocation="http://www.loc.gov/MARC21/slim http://www.loc.gov/standards/marcxml/schema/MARC21slim.xsd"
    xmlns="http://www.loc.gov/MARC21/slim">

  <leader>010900000a22001210004500</leader>
  <datafield tag="100" ind1="1" ind2=" ">
    <subfield code="a">Falbel, Nachman</subfield>
  </datafield>
  <datafield tag="245" ind1="1" ind2="0">
    <subfield code="a">Sobre el mesianismo jud&#xED;o medieval</subfield>
  </datafield>
  <datafield tag="300" ind1=" " ind2=" ">
    <subfield code="a">Num. 40 (2001), P&#xE1;ginas 129-134</subfield>
  </datafield>
  <datafield tag="520" ind1=" " ind2=" ">
    <subfield code="a">El art&#xED;culo estudia el desarrollo de la idea mesi&#xE1;nica entre los jud&#xED;os desde el per&#xED;odo b&#xED;blico hasta los finales de la alta Edad Media, o sea, hacia el a&#xF1;o 1000. Cada etapa de la historia del pueblo jud&#xED;o imprimi&#xF3; un contenido renovador e innovador al mesianismo, lo cual nos lleva a considerarlo y entenderlo como una doctrina no sedimentada aunque sujeta a la din&#xE1;mica y a la influencia de los tiempos. El Apocalipticismo y la escatolog&#xED;a se muestran, en buena parte, inmanentes a ciertas concepciones mesi&#xE1;nicas, y en particular en la literatura ap&#xF3;crifa corresponde al periodo del dominio greco-romano en Palestina. La expectativa mesi&#xE1;nica genera el fen&#xF3;meno del falso-mesianismo que se presenta peri&#xF3;dicamente en la geograf&#xED;a de la Di&#xE1;spora jud&#xED;a.</subfield>
  </datafield>
  <datafield tag="650" ind1="1" ind2="4">
    <subfield code="a">MES&#xCD;AS</subfield>
  </datafield>
  <datafield tag="773" ind1="0" ind2=" ">
    <subfield code="t">Revista de Interpretaci&#xF3;n B&#xED;blica Latinoamericana</subfield>
  </datafield>
  <datafield tag="942" ind1=" " ind2=" ">
    <subfield code="c">ANA</subfield>
  </datafield>
  <datafield tag="952" ind1=" " ind2=" ">
    <subfield code="0">0</subfield>
    <subfield code="1">0</subfield>
    <subfield code="4">0</subfield>
    <subfield code="7">0</subfield>
    <subfield code="8">HEM</subfield>
    <subfield code="a">FUSBC</subfield>
    <subfield code="b">FUSBC</subfield>
    <subfield code="d">2016-01-26</subfield>
    <subfield code="l">0</subfield>
    <subfield code="o"> </subfield>
    <subfield code="r">2016-01-26 00:00:00</subfield>
    <subfield code="w">2016-01-26</subfield>
    <subfield code="y">ANA</subfield>
  </datafield>
  <datafield tag="999" ind1=" " ind2=" ">
    <subfield code="c">52639</subfield>
    <subfield code="d">52639</subfield>
  </datafield>
</record>
